Normal view
MARC view
- الجاليات العربية - امريكا اللاتينية
Entry Topical Term
001 - CONTROL NUMBER
- control field: 19815
003 - CONTROL NUMBER IDENTIFIER
- control field: JO-AjAnu
005 - DATE AND TIME OF LATEST TRANSACTION
- control field: 20230606073445.0
008 - FIXED-LENGTH DATA ELEMENTS
- fixed length control field: 230606|| aca||aabn | a|a d
040 ## - CATALOGING SOURCE
- Original cataloging agency: JO-AjAnu
- Transcribing agency: JO-AjAnu
150 ## - HEADING--TOPICAL TERM
- Topical term or geographic name entry element: الجاليات العربية - امريكا اللاتينية
670 ## - SOURCE DATA FOUND
- Source citation: Work cat.: (JO-AjAnu)10173: مورينو، خوسي البيرتو واخرون؛ اشراف وترجمة عبد الواحد أكمير, author 19814, الجاليات العربية في أمريكا اللاتينية: دراسة حالات المكسيك - التشيلي - البرازيل - البيرو - الباراغواي - الارجنتين